| LEADER | 01795cam a2200361 a 4500 | ||
|---|---|---|---|
| 001 | 12393255 | ||
| 005 | 20170224103431.0 | ||
| 008 | 010108s2000 vm a b f000 0 vie | ||
| 035 | |a (DLC) 2001305057 | ||
| 040 | |a DLC |c DLC | ||
| 042 | |a lcode | ||
| 043 | |a a-vt--- | ||
| 050 | 0 | 0 | |a ML345.V5 |b A47 2000 |
| 082 | |a 782.420951 |b T527t | ||
| 100 | |a Quỳnh Hoa | ||
| 245 | 0 | 0 | |a Tuyển tập các bài hát tiếng Hoa |c Quỳnh Hoa trình bày |n T.1 |
| 260 | |a Tp. Hồ Chí Minh. |b Tp. Hồ Chí Minh |c 2003 | ||
| 300 | |a 76 tr. |c 21 cm. | ||
| 520 | |a v...v | ||
| 650 | 0 | |a Music | |
| 653 | |a Âm nhạc | ||
| 653 | |a Bài hát | ||
| 653 | |a Trung Quốc | ||
| 653 | |a Tiếng Hoa | ||
| 906 | |a 7 |b cbc |c origode |d 3 |e ncip |f 20 |g y-gencatlg | ||
| 942 | |2 ddc |c STK0 | ||
| 955 | |a wj07 |c ys09 2006-09-28 (ys17) to SMCD |a vl00 2006-09-29 | ||
| 999 | |c 2346 |d 2346 | ||
| 952 | |0 0 |1 0 |2 ddc |4 0 |6 782_420951000000000_T527T |7 1 |8 700 |9 31127 |a qbu |b qbu |c D5 |d 2014-12-13 |g 8000 |o 782.420951 T527t |p 4823.C1 |r 0000-00-00 |w 2014-12-13 |y STK0 |0 0 |6 782_420951000000000_T527T | ||
| 952 | |0 0 |1 0 |2 ddc |4 0 |6 782_420951000000000_T527T |7 0 |8 700 |9 31128 |a qbu |b qbu |c D5 |d 2014-12-13 |g 8000 |o 782.420951 T527t |p 4823.C2 |r 0000-00-00 |w 2014-12-13 |y STK0 |0 0 |6 782_420951000000000_T527T | ||
| 952 | |0 0 |1 0 |2 ddc |4 0 |6 782_420951000000000_T527T |7 0 |8 700 |9 31129 |a qbu |b qbu |c D5 |d 2014-12-13 |g 8000 |o 782.420951 T527t |p 4823.C3 |r 0000-00-00 |w 2014-12-13 |y STK0 |0 0 |6 782_420951000000000_T527T | ||
| 952 | |0 0 |1 0 |2 ddc |4 0 |6 782_420951000000000_T527T |7 0 |8 700 |9 31130 |a qbu |b qbu |c D5 |d 2014-12-13 |g 8000 |o 782.420951 T527t |p 4823.C4 |r 0000-00-00 |w 2014-12-13 |y STK0 |0 0 |6 782_420951000000000_T527T | ||
| 952 | |0 0 |1 0 |2 ddc |4 0 |6 782_420951000000000_T527T |7 0 |8 700 |9 31131 |a qbu |b qbu |c D5 |d 2014-12-13 |g 8000 |o 782.420951 T527t |p 4823.C5 |r 0000-00-00 |w 2014-12-13 |y STK0 |0 0 |6 782_420951000000000_T527T | ||